| 000 | 00615nam a2200265Ia 4500 | ||
|---|---|---|---|
| 001 | Z_4411 | ||
| 003 | CHAP | ||
| 008 | 220113s197X xx 000 0 und d | ||
| 010 | _a167481 | ||
| 040 | _cCHAP | ||
| 082 | _a | ||
| 100 |
_aFAO _9137368 |
||
| 245 |
_aArbustos forrajeros / _cpor FAO |
||
| 260 |
_aRoma : _bLa organización, _c197X |
||
| 300 | _a83 diapositivas de 2x2plg./guía | ||
| 440 | _a | ||
| 500 | _aTit. En diapositivas : forage fodder shrubs | ||
| 503 | _a | ||
| 650 |
_aArbustos como forraje _96754 |
||
| 902 | _aA | ||
| 910 | _a197X | ||
| 942 | _cc14 | ||
| 942 | _cc14 | ||
| 999 |
_c167481 _d167481 |
||